| 000 | 00866nam a2200277Ia 4500 | ||
|---|---|---|---|
| 001 | Para_8058 | ||
| 003 | CHAP | ||
| 008 | 220125s1926 xx 000 0 und d | ||
| 010 | _a206902 | ||
| 040 | _cCHAP | ||
| 082 | _aPA-C 595.75 H4 | ||
| 100 |
_aMcatee, W. L. _973350 |
||
| 245 |
_aNotes on homoptera from lllinois, with description of new forms, chiefly eupteryginae / _c by W. L. Mcatee |
||
| 260 |
_aUrbana, Ill. : _b Division of the Natural History Survey |
||
| 300 | _a10 p. | ||
| 440 |
_aHemiptera; 13 _9173248 |
||
| 500 | _aEncuadernado con otros impreoso similares | ||
| 650 |
_aHemÃpteros _x colecciones de escritos Hemipteros _xllinois _9173267 |
||
| 901 | _aPA-C 595.75 H4 | ||
| 902 | _aA | ||
| 905 | _a0000001926 0000000000 00 | ||
| 910 | _a1926 | ||
| 942 | _cPARA | ||
| 942 |
_cPARA _d1 |
||
| 999 |
_c206902 _d206902 |
||